00934nam a22002057a 450000500170000000800420001704100080005904400070006709000140007411000930008824500570018126000780023830000360031665001120035265000910046465000930055571000520064894200130070099900150071320141111151934.0141111b ck ||||| 2003 00| 0 spa d aspa ack aEAb001451 aColombiabAsociación Red Colombiana de Reservas Naturales de la Sociedad Civil 92855310aSistemas de Conservación-Producción Sostenibles  aSantiago de Cali :bCorporación Semillas de Agua,bWWF Colombia,c2003. a14 pag.bFot., tab, il.c28 cm. 4aAgricultura SosteniblexConservación de los recursos agrícolaszSantiago de Cali (Dpt. Colombia)928554 6aAgricultura SosteniblexEcología agrícolazSantiago de Cali (Dpt. Colombia)928555 6aAgricultura SosteniblexAgricultura alternativazSantiago de Cali (Dpt. Colombia)928556 aColombiabCorporación Semillas de Agua928557 2zcLIBRO c8782d8782